Prielomom Dunajca na Haligovské skaly

Bibliographic Details
Corporate Author: Pieniny (Slovensko : národný park) (Author)
Other Authors: Prielomom (iní)
Format: Article
Language:Slovak
Subjects:

MARC

LEADER 00000nab a2200000 a 4500
001 vtls001030096
003 SK-MaSNL
005 20260303204159.0
008 040720e20011206xo 0 slo
035 |a SL8650 
040 |a SLLK  |b slo  |c SLLK  |e AACR2 
041 0 |a slo 
044 |a xo  |c SK 
080 |a 379.852  |2 1981 
245 0 0 |a Prielomom Dunajca na Haligovské skaly 
650 0 7 |a turistika  |2 SLLK  |9 683 
650 0 7 |a turistické trasy  |2 SLLK  |9 72845 
650 0 7 |a odporúčania  |2 SLLK  |9 832881 
651 7 |a Dunajec (Poľsko a Slovensko : rieka)  |2 SLLK  |9 31516 
651 7 |a Haligovské skaly (Pieniny, Slovensko)  |2 SLLK  |9 56904 
651 7 |a SL,  |2 SLLK  |9 1022390 
651 7 |a Pieninský národný park (Slovensko)  |2 SLLK  |9 13216 
655 7 |a periodikum  |2 snkbucl  |9 29553 
700 0 |a Prielomom  |4 iní  |9 1237616 
710 2 |a Pieniny (Slovensko : národný park)  |4 aut  |9 1237617 
773 0 8 |t Sme  |g Roč. 9, č.280, 6.12.2001, s. 17 
852 |a ZVYKNI  |b KIS3GCP 
999 |c 2188786  |d 2190716